[Event "VEN-ch U14"]
[Site "Caracas"]
[Date "2016.10.31"]
[Round "7.1"]
[White "Castro Silva, Moises Antonio"]
[Black "Munoz Gonzalez, Aaron Adonai"]
[Result "0-1"]
[WhiteElo "1722"]
[BlackElo "1729"]
[PlyCount "94"]
[EventDate "2016.10.27"]
[EventType "swiss"]
[EventRounds "7"]
[EventCountry "VEN"]
[SourceTitle "EXT 2022"]
[Source "ChessBase"]
[SourceDate "2021.10.06"]
[SourceVersion "1"]
[SourceVersionDate "2021.10.06"]
[SourceQuality "1"]

1. e4 d5 2. exd5 Qxd5 3. Nc3 Qa5 4. d4 c6 5. Nf3 Nf6 6. Bd3 Bg4 7. h3 Bh5 8. Bd2 Qc7 9. Qe2 e6 10. 0-0-0 Bd6 11. g4 Bg6 12. Ne4 Nxe4 13. Bxe4 Bxe4 14. Qxe4 Nd7 15. Qe2 Nf6 16. Ne5 Nd7 17. Nxd7 Qxd7 18. c4 0-0-0 19. Bc3 Rhe8 20. Rhe1 Bf4+ 21. Kb1 Bd6 22. Qc2 g6 23. Rd2 Bf4 24. Rde2 Bh6 25. b4 Bg7 26. Rd2 Qc7 27. a4 Re7 28. Qb2 Red7 29. Red1 Qf4 30. d5 Bxc3 31. Qxc3 exd5 32. cxd5 Qe4+ 33. Kb2 Rxd5 34. Rxd5 Rxd5 35. Re1 Qd4 36. Qxd4 Rxd4 37. Kc3 Rf4 38. Re3 Rxf2 39. Rd3 f5 40. gxf5 Rxf5 41. Rg3 Kc7 42. Kb3 a5 43. bxa5 Rxa5 44. Kb4 Rf5 45. Kc4 Kb6 46. Rg4 Ka5 47. Rg1 b6 0-1

[Event "VEN-ch U14"]
[Site "Caracas"]
[Date "2016.10.30"]
[Round "5.5"]
[White "Perez Rivero, Juan Jose"]
[Black "Munoz Gonzalez, Aaron Adonai"]
[Result "1/2-1/2"]
[WhiteElo "1816"]
[BlackElo "1729"]
[PlyCount "113"]
[EventDate "2016.10.27"]
[EventType "swiss"]
[EventRounds "7"]
[EventCountry "VEN"]
[SourceTitle "EXT 2022"]
[Source "ChessBase"]
[SourceDate "2021.10.06"]
[SourceVersion "1"]
[SourceVersionDate "2021.10.06"]
[SourceQuality "1"]

1. d4 Nf6 2. c4 e6 3. g3 Be7 4. Nf3 b6 5. Bg2 Bb7 6. Nc3 d6 7. 0-0 Nbd7 8. Re1 Ne4 9. d5 Nxc3 10. bxc3 Bf6 11. Nd4 exd5 12. cxd5 Bxd4 13. Qxd4 Qf6 14. e4 0-0 15. Be3 Rfe8 16. Qxf6 Nxf6 17. Bd4 Nd7 18. f4 Rad8 19. Rad1 f6 20. Bh3 c6 21. c4 c5 22. Ba1 Ba6 23. Bf1 Re7 24. Re3 Bb7 25. Rde1 Rde8 26. Kf2 Kf7 27. Bh3 Ba6 28. e5 fxe5 29. fxe5 Nxe5 30. Bxe5 Rxe5 31. Be6+ Kg6 32. Rxe5 dxe5 33. Re4 Kf6 34. Ke3 Bb7 35. Rh4 h6 36. Rh5 Ba6 37. Rf5+ Kg6 38. g4 Re7 39. Kd3 e4+ 40. Kxe4 Bxc4 41. Ke5 Bxa2 42. Kd6 Rb7 43. h4 b5 44. h5+ Kh7 45. Kxc5 b4 46. Rf7 Rb6 47. Rxa7 Rxe6 48. Rxa2 Re5 49. Rd2 b3 50. Kc4 Kg8 51. d6 Re8 52. d7 Rd8 53. Kxb3 Kf7 54. Rd6 Ke7 55. Rg6 Kf7 56. Rd6 Ke7 57. Rg6 1/2-1/2

[Event "VEN-ch U14"]
[Site "Caracas"]
[Date "2016.10.28"]
[Round "2.3"]
[White "Camargo Picon, Josue Fernando"]
[Black "Munoz Gonzalez, Aaron Adonai"]
[Result "1/2-1/2"]
[WhiteElo "1752"]
[BlackElo "1729"]
[PlyCount "100"]
[EventDate "2016.10.27"]
[EventType "swiss"]
[EventRounds "7"]
[EventCountry "VEN"]
[SourceTitle "EXT 2022"]
[Source "ChessBase"]
[SourceDate "2021.10.06"]
[SourceVersion "1"]
[SourceVersionDate "2021.10.06"]
[SourceQuality "1"]

1. e4 d5 2. exd5 Nf6 3. d4 Nxd5 4. h3 g6 5. Nf3 Bg7 6. c3 0-0 7. Bc4 Nb6 8. Bb3 Nc6 9. 0-0 e5 10. Bg5 Qd6 11. dxe5 Nxe5 12. Nbd2 Be6 13. Nd4 Bxb3 14. axb3 Nc6 15. Ne4 Qd5 16. Nf6+ Bxf6 17. Bxf6 Nxd4 18. Qxd4 Qxd4 19. Bxd4 Rfe8 20. Rfe1 a6 21. Kf1 f5 22. Rad1 Rxe1+ 23. Rxe1 Kf7 24. Re5 Nd7 25. Rd5 Ke6 26. Ra5 Re8 27. Ke2 Kd6+ 28. Kd2 Re6 29. Be3 Nf6 30. Ra4 Ne4+ 31. Kd3 Nc5+ 32. Bxc5+ Kxc5 33. Rc4+ Kd6 34. Rd4+ Ke7 35. Rh4 h5 36. Rb4 b5 37. Rd4 Rd6 38. b4 Re6 39. Kd2 Rd6 40. Ke3 Re6+ 41. Kf3 g5 42. Rd5 Kf6 43. g4 hxg4+ 44. hxg4 fxg4+ 45. Kxg4 Re4+ 46. Kf3 Re5 47. Rd8 Re6 48. Rc8 Rc6 49. Ke3 Ke5 50. Ra8 Re6 1/2-1/2

[Event "VEN-ch U20"]
[Site "Maturin"]
[Date "2015.05.14"]
[Round "2"]
[White "Munoz Gonzalez, Aaron Adonai"]
[Black "Salazar Martinez, Angel Daniel"]
[Result "1/2-1/2"]
[WhiteElo "1535"]
[BlackElo "1753"]
[PlyCount "50"]
[EventDate "2015.05.13"]
[EventType "swiss"]
[EventRounds "7"]
[EventCountry "VEN"]
[SourceTitle "EXT 2018"]
[Source "ChessBase"]
[SourceDate "2017.10.13"]
[SourceVersion "1"]
[SourceVersionDate "2017.10.13"]
[SourceQuality "1"]

1. e4 c6 2. d4 d5 3. Nd2 dxe4 4. Nxe4 Nd7 5. Nf3 Ngf6 6. Nxf6+ Nxf6 7. Bc4 Bg4 8. Ne5 Qa5+ 9. Bd2 Qxe5+ 10. dxe5 Bxd1 11. Rxd1 Nd5 12. Bxd5 cxd5 13. Bb4 e6 14. Bxf8 Rxf8 15. Rd3 Rc8 16. Kd2 Ke7 17. Rb3 h6 18. Rg3 g6 19. Re1 Rc4 20. Ree3 Rfc8 21. Rc3 R8c6 22. Rxc4 dxc4 23. b3 Ra6 24. a4 Ra5 25. f4 Rd5+ 1/2-1/2